Statistics for Spelunky 2 Places Quiz

Click here to take the quiz!

General Stats

  • This quiz has been taken 5 times
  • The average score is 10 of 16

Answer Stats

HintAnswer% Correct
First Level of the Game.Dwelling
100%
First time the "Tiki Man" Enemy AppearsJungle
100%
Ancient-China styled underwater levelTide Pool
100%
"It's hot as hell in this lava-filled world!"Volcana
100%
Giant Shrine-Tomb devoted to a stone-headed god.Olmec's Lair
80%
Giant, Space-Filled World.Cosmic Ocean
60%
Giant Fire-Pilled Domain belonging to Osiris.Duat
60%
Chilly-Freezed over Ice-Age Caves.Ice Caves
60%
Advanced Ancient City, belonging to a small-brain headed creature civilization.Neo-Babylon
60%
Underwater Eye-Filled Region.Sunken City
60%
This level is made of a shiny yellow mineral.The City of Gold
60%
Giant Throne of a Earth-Birthing Goddess.Tiamat's Throne
60%
Underwater Sanctuary, home to a giant turtle lady named Kingu.Abzu
40%
Weird, Purple-Vegetable Filled World.Eggplant World
40%
Egypt-Themed Temple named after the egyptian god of the Underworld.Temple of Anubis
40%
Home to a giant, Winged egg creature.Hundun's Hideaway
0%

Score Distribution

Percentile by Number Answered

Percent of People with Each Score

Your Score History

You have not taken this quiz